Uğur olsun! : (Record no. 14517)

MARC details
000 -BAŞLIK
Sabit Uzunlukta Kontrol Alanı 00788nam a2200241 4500
999 ## - SİSTEM KONTROL NUMARALARI (KOHA)
Koha Biblionumber 14517
Koha Biblioitemnumber 14517
003 - KONTROL NUMARASI IDENTIFIER
Denetim Alanı MIRAKIL
005 - SON İŞLEM TARİHİ VE ZAMANI
Denetim Alanı 20210923141258.0
008 - SABİT-BOY VERİ ELEMANLARI - GENEL BİLGİLER
Sabit Uzunlukta Kontrol Alanı 210923b tu ||||| |||| 00| 0 tur d
020 ## - ULUSLARARASI STANDART KİTAP NUMARASI
Uluslararası Standart Kitap Numarası 9786054764921
040 ## - KATALOGLAMA KAYNAK
Orijinal Kataloglama Ajansı TR-AnCHP
Metne Dönüştürmek Ajansı TR-AnCHP
041 ## - DİL KODU
Metin / Ses Parça Veya Ayrı Başlığın Dil Kodu Tur
082 ## - DEWEY ONLU SINIFLANDIRMA NUMARASI
Sınıflandırma Numarası 070.4092
Ürün Numarası Ö93u 2018
100 ## - ANA GİRİŞ - KİŞİSEL İSİM
Kişisel Ad Özel, Sevgi
245 10 - BAŞLIK TABLOSU
Başlık Uğur olsun! :
Başlığın Kalan bir devrimcinin öyküsü /
Sorumluluk Tablosu, Vb Sevgi Özel.
246 ## - UNVAN FORM VARYING
Başlık Doğru / Kısa Başlığı bir devrimcinin öyküsü
260 ## - YAYIN, DAĞITIM, VB
Yayın, Dağıtım, Vb Yeri İstanbul :
Yayıncı, Dağıtıcı, Vs Adı Kırmızı Kedi Yayınevi,
Yayın, Dağıtım, Vb Tarihi 2018.
300 ## - FİZİKSEL TANIM
Kapsam 503 s.:
Boyutlar 21 sm.
490 0# - SERİSİ TABLOSU
Seri Beyanı Kırmızı Kedi Yayınevi;
-- Biyografi;
Hacim / Ardışık Tanımı 274.
-- 6.
600 #0 - KONU KATMA GİRİŞ - KURUMSAL ADI
9 (RLIN) 6010
Kişisel Ad Mumcu, Uğur
Başlıklar Ve Bir Adla İlişkili Diğer Kelimeler Gazeteci
Bir Adıyla İlişkilendirilen Tarihler 1942-1993
Genel Alt Bölümü yaşamöyküsü
650 #0 - KONU KATMA GİRİŞ - TOPİKAL DÖNEM
9 (RLIN) 439
Topikal Süreli Veya Coğrafi Ad Giriş Elemanı Gazeteciler
Genel Alt Bölümü Yaşamöyküsü
Coğrafi Alt Bölümü Türkiye
740 ## - KATMA GİRİŞ - KONTROLSUZ İLGİLİ / ANALİTİK BAŞLIK
Kontrol Edilmeyen / İlgili Analitik Başlıktaki bir devrimcinin öyküsü
942 ## - EKLENDİ GİRİŞ ELEMANLARI (KOHA)
Sınıflandırma Veya Raf Düzeni Kaynak Dewey Decimal Classification
Koha Öğesi Türü Books
Holdings
Kalıcı Konum Mevcut Konum Edinme Tarihi Toplam Check-Out'Lar Tam Çağrı Numarası Barkod Tarih Son Görülme İtibaren Geçerli Fiyatlar Koha Öğesi Türü
CHP Kütüphanesi CHP Kütüphanesi 09/23/2021   070.4092 Ö93u 2018 020011 09/23/2021 09/23/2021 Books